Los Caminos /

Furkejuvvon:
Bibliográfalaš dieđut
Váldodahkki: Volkow, Verónica (autor)
Materiálatiipa: Girji
Giella:espánnjágiella
Fáttát:
Fáddágilkorat: Lasit fáddágilkoriid
Eai fáddágilkorat, Lasit vuosttaš fáddágilkora!

MARC

LEADER 00000nam^a2200000^a^4500
001 000030453
005 20250521000000.0
009 20260310085003.119
020 |a 968-6332-03-0 
037 |a Acervo ITESO - Biblioteca 
041 |a ESP 
082 |a 861.  |b VOL 
100 |a Volkow, Verónica  |e (autor) 
245 1 4 |a Los Caminos /  |c V. Volkow. 
264 |a México :  |b Toledo,  |c 1989 
300 |a 53 p. 
336 |a texto  |b txt  |2 rdacontenido 
337 |a sin mediación  |b n  |2 rdamedio 
338 |a volumen  |b nc  |2 rdasoporte 
649 |a XX 
650 |a Literatura Mexicana 
650 |a Poesía Mexicana 
910 |a Fondo General 
920 |a Impresos - Libros 
930 |a Colección General 
940 |a Literatura 
905 |a 101 
901 |a 0304530100  |b IT1  |c LIT  |i 030453  |u 20250521 
901 |a 0500061038  |b IT1  |c LIT  |u 20250521 
902 |a https://opac.biblio.iteso.mx/vufind/Record/000030453